| 000 | 00513nam a22002057a 4500 | ||
|---|---|---|---|
| 005 | 20251108172555.0 | ||
| 008 | 250721s9999 xx 000 0 eng d | ||
| 082 | 1 | 4 | _a932.0223 |
| 100 | 1 |
_aweeks, Kent R _eeditor |
|
| 245 | 1 | 0 | _aAtlas of the valley of the king / |
| 264 | 1 |
_aCairo : _bThe American University, |
|
| 300 | _ap. | ||
| 650 | 1 | 7 | _aAncient Egyptian History |
| 650 | 1 | 7 | _aPharoahs |
| 650 | 1 | 7 | _aValley of the Kings |
| 650 | 1 | 7 | _aAHases |
| 650 | 1 | 7 | _aMaps |
| 942 |
_2ddc _cBK |
||
| 999 |
_c82910 _d82910 |
||